000 00491nam a22001817a 4500
003 CEME
005 20210628205710.0
008 210315b xxu||||| |||| 00| 0 eng d
020 _a969-0-01517-6
040 _c.
082 _a297.63 AKH
100 _aAkhtar K. Bhatti Dr. Gul-E-Jannat
_976704
245 _aStories of the prophets biblical and quranic versions
260 _aLAHORE
_bFEROZE SONS
_c1998
300 _a184P
650 _aISLAM-PROPHETS-STORIES
_976705
942 _cBK
_2ddc
999 _c582049
_d582049